| 000 | 00366cam a22001457a 4500 | ||
|---|---|---|---|
| 008 | 180718b2003 xxu||||| |||| 00| 0 eng d | ||
| 020 | _a1405115025 | ||
| 082 | _aT108 K385 | ||
| 100 | _aKennedy, Peter | ||
| 245 |
_aA guide to econometrics _cby Peter Kennedy |
||
| 250 | _a5th ed. | ||
| 260 |
_aMalden _bBlackwell _c2003 |
||
| 300 | _a623p. | ||
| 650 | _aEconometrics | ||
| 999 |
_c406166 _d406166 |
||